000 00381nam a2200145Ia 4500
008 210716s2003 xx 000 0 und d
020 _a8178081016
041 _aeng
082 _a004.62 STEW
100 _aStevens, W Richard.
245 _aTCP/IP illustrated: the protocols.
_bThe protocols.
250 _a1
260 _aNew Delhi
_bPearson Education
_c2003
300 _axix,576
999 _c186053
_d186053